| 000 | 00631nam a22001817a 4500 | ||
|---|---|---|---|
| 003 | OSt | ||
| 005 | 20250718061826.0 | ||
| 008 | 250718b |||||||| |||| 00| 0 eng d | ||
| 020 | _a978-971-6958-03-0 | ||
| 040 |
_aDWC-Main Lib _cOC |
||
| 082 | _aRes. 621.3 P964 2021 | ||
| 245 | _aProfessional practice manual/ | ||
| 250 | _a2021 edition | ||
| 260 |
_aQuezon City, Philippines : _bInstitute of Integrated Electrical Engineers of the Philippines Inc., _cc2021. |
||
| 300 |
_aix, 166 pages : _billustrations ; _c22cm. |
||
| 650 | _a1. Electrical Engineering- -Professional Practice | ||
| 942 |
_2ddc _cBK-0 CIRC _e2021 edition _kRes. _n0 |
||
| 999 |
_c3766 _d3766 |
||